000 00379nam a2200133Ia 4500
008 211109s9999||||xx |||||||||||||| ||und||
082 _a894.8121
_bMUK-K
100 _aMukunda Menon, V
245 0 _aKavya Manjari
260 _bNational Book Stall
_aKottayam
_c1930
630 _xGeneral Stack
650 _amalayalam literature
_vmalayalam poemspoempoetry
_xMalayalam
942 _cBOOK
999 _c7364
_d7364